000 00524nam a2200217Ia 4500
005 20250425162153.0
008 250425s9999 xx 000 0 und d
041 _aspa
043 _aec
082 _a930.1
100 _aCORDERO INIGUEZ, JUAN
245 0 _aHISTORIA ILUSTRADA DE LA ARQUEOLOGIA ECUATORIANA
250 _a1A ED.
260 _aCUENCA
260 _aEcuador
_bUNIVERSIDAD DE CUENCA
_c1995
300 _a253
650 _aARQUEOLOGIA-ECUADOR
650 _aHISTORIA
942 _c01
010 _a54206
999 _c223757
_d223757